General principles of criminal law : (Record no. 586897)
[ view plain ]
| 000 -LEADER | |
|---|---|
| fixed length control field | 01085cam a2200337 a 4500 |
| 001 - CONTROL NUMBER | |
| control field | 195665 |
| 003 - CONTROL NUMBER IDENTIFIER | |
| control field | NUST |
| 005 - DATE AND TIME OF LATEST TRANSACTION | |
| control field | 20211128151857.0 |
| 008 - FIXED-LENGTH DATA ELEMENTS--GENERAL INFORMATION | |
| fixed length control field | 990225s1998 pk b 001 0 eng |
| 010 ## - LIBRARY OF CONGRESS CONTROL NUMBER | |
| LC control number | 98930926 |
| 025 ## - OVERSEAS ACQUISITION NUMBER | |
| Overseas acquisition number | P-E-98930926; 15; 16 |
| 038 ## - RECORD CONTENT LICENSOR | |
| Staff Name | waseem |
| 040 ## - CATALOGING SOURCE | |
| Original cataloging agency | DLC |
| Transcribing agency | DLC |
| Modifying agency | DLC |
| 042 ## - AUTHENTICATION CODE | |
| Authentication code | lcode |
| 043 ## - GEOGRAPHIC AREA CODE | |
| Geographic area code | a-pk--- |
| 050 00 - LIBRARY OF CONGRESS CALL NUMBER | |
| Classification number | KPL3800 |
| Item number | .N98 1998 |
| 082 00 - DEWEY DECIMAL CLASSIFICATION NUMBER | |
| Classification number | 345.5491 |
| Author Mark | NYA |
| 100 1# - MAIN ENTRY--PERSONAL NAME | |
| Personal name | Nyazee, Imran Ahsan Khan. |
| 9 (RLIN) | 85203 |
| 245 10 - TITLE STATEMENT | |
| Title | General principles of criminal law : |
| Remainder of title | Islamic and Western / |
| Statement of responsibility, etc. | Imran Ahsan Khan Nyazee. |
| 246 30 - VARYING FORM OF TITLE | |
| Title proper/short title | Criminal law |
| 250 ## - EDITION STATEMENT | |
| Edition statement | 1st ed. |
| 260 ## - PUBLICATION, DISTRIBUTION, ETC. | |
| Place of publication, distribution, etc. | Islamabad : |
| Name of publisher, distributor, etc. | Advanced Legal Studies Institute, |
| Date of publication, distribution, etc. | c1998. |
| 300 ## - PHYSICAL DESCRIPTION | |
| Extent | 164 p. ; |
| Dimensions | 22 cm. |
| 504 ## - BIBLIOGRAPHY, ETC. NOTE | |
| Bibliography, etc. note | Includes bibliographical references (p. [159]-160) and index. |
| 563 ## - BINDING INFORMATION | |
| Binding note | HBK. |
| 650 #0 - SUBJECT ADDED ENTRY--TOPICAL TERM | |
| Topical term or geographic name entry element | Criminal law |
| Geographic subdivision | Pakistan. |
| 9 (RLIN) | 85204 |
| 650 #0 - SUBJECT ADDED ENTRY--TOPICAL TERM | |
| Topical term or geographic name entry element | Criminal law (Islamic law) |
| Geographic subdivision | Pakistan. |
| 9 (RLIN) | 85205 |
| 906 ## - LOCAL DATA ELEMENT F, LDF (RLIN) | |
| a | 7 |
| b | cbc |
| c | origode |
| d | 2 |
| e | ncip |
| f | 19 |
| g | y-gencatlg |
| 942 ## - ADDED ENTRY ELEMENTS (KOHA) | |
| Source of classification or shelving scheme | |
| Koha item type | Book |
| Withdrawn status | Lost status | Source of classification or shelving scheme | Damaged status | Not for loan | Permanent Location | Current Location | Shelving location | Date acquired | Source of acquisition | Full call number | Barcode | Date last seen | Price effective from | Koha item type |
|---|---|---|---|---|---|---|---|---|---|---|---|---|---|---|
| NUST Law School (NLS) | NUST Law School (NLS) | Law | 11/28/2021 | Federal Law House | 345.5491 NYA | CL-694 | 11/28/2021 | 11/28/2021 | Book | |||||
| NUST Law School (NLS) | NUST Law School (NLS) | Law | 11/28/2021 | Federal Law House | 345.5491 NYA | CL-695 | 05/23/2022 | 11/28/2021 | Book | |||||
| NUST Law School (NLS) | NUST Law School (NLS) | Law | 11/28/2021 | Federal Law House | 345.5491 NYA | CL-696 | 10/18/2022 | 11/28/2021 | Book |
